Normal view
MARC view
Entry Personal Name
001 - CONTROL NUMBER
- control field: 15312
003 - CONTROL NUMBER IDENTIFIER
- control field: dpl
005 - DATE AND TIME OF LATEST TRANSACTION
- control field: 20100819155726.0
008 - FIXED-LENGTH DATA ELEMENTS
- fixed length control field: 100819|||a|||||| | ||| d
040 ## - CATALOGING SOURCE
- Original cataloging agency: dpl
- Transcribing agency: dpl
100 ## - HEADING--PERSONAL NAME
- Personal name: Karmakar, D
670 ## - SOURCE DATA FOUND
- Source citation: Work cat.: (dpl)42606: Karmakar, D, In search of identity of man /, 2007
670 ## - SOURCE DATA FOUND
- Source citation: Work cat.: (dpl)42606: Karmakar, D, In search of identity of man /, 2007
